Normal view
MARC view
- Faris K
Entry Personal Name
001 - CONTROL NUMBER
- control field: 3346
003 - CONTROL NUMBER IDENTIFIER
- control field: OSt
005 - DATE AND TIME OF LATEST TRANSACTION
- control field: 20180925151520.0
008 - FIXED-LENGTH DATA ELEMENTS
- fixed length control field: 180925|| aca||aabn | a|a d
040 ## - CATALOGING SOURCE
- Original cataloging agency: OSt
- Transcribing agency: OSt
100 ## - HEADING--PERSONAL NAME
- Personal name: Faris K
670 ## - SOURCE DATA FOUND
- Source citation: Work cat.: (OSt)15491: Faris K Rinitha P Safvanath P Suparna Devu S, Development and evaluation of equipment for starch extraction from arrowroot(koova), 2018
